00517nam a2200181Ii 450000100060000000300090000600800410001504000330005604100080008908200170009710000270011424500300014126400710017130000120024233600260025433700280028033800270030810522CO-ViMGA241108s9999||||xx |||||||||||||| ||und|| aCO-ViMGAbspaerdacCO-ViMGA0 aunk04a986.103-R4361 aJosé Manuel Restrepo10aDiario politico y militar 1a[Lugar de publicación no identificado] : Imprenta Nacional, 1954 avolumen atextbtxt2rdacontent aunmediatedbn2rdamedia avolumebnc2rdacarrier